| 000 | 00784cab a2200253 4500 | ||
|---|---|---|---|
| 001 | ABS55878 | ||
| 008 | 090401t1996 xxu||||| |||| 00| 0 eng d | ||
| 035 | _a(Sirsi) u19360 | ||
| 041 | _aeng | ||
| 100 | _aHarper, D. | ||
| 245 | _aDivided we stand | ||
| 260 | _c1996 | ||
| 350 | _a0 | ||
| 490 |
_aChartered Insurance Institute Journal _vSeptember 1996, 27(1) |
||
| 520 | _aOutlines the main provisions of the Party Wall etc Act 1996 and explains how building insurers and their loss adjusters fit into the picture. | ||
| 650 |
_aBoundary disputes _96221 |
||
| 650 | _aBUILDNGS INSURANCE | ||
| 650 | _aPARTY WALL ETC ACT 1996 | ||
| 650 |
_aParty walls _96258 |
||
| 690 | _aBUILT ENVIRONMENT | ||
| 690 | _aPROPERTY LAW AND PRACTICE | ||
| 942 | _n0 | ||
| 948 | _c04/03/1997 | ||
| 999 |
_c12919 _d12919 |
||